000 00615nam a22001937a 4500
005 20251108173235.0
008 250721s2004 xx 000 0 ara d
082 1 4 _a956.1064/سيل
100 1 _aسيل، ياتريك
245 1 0 _aالأسد : الصراع على الشرق الأوسط /
250 _a9
264 1 _aبيروت :
_bشركة المطبوعات للتوزيع والنشر،
_c2004.
300 _a832ص
650 1 7 _aتاريخ سورية
650 1 7 _aعهد حافظ الأسد 1971-
650 1 7 _aالصراع العربي الإسرائيلي
942 _2ddc
_cBK
999 _c99311
_d99311